| 000 | 00567nam a2200157Ia 4500 | ||
|---|---|---|---|
| 008 | 220216s9999 xx 000 0 und d | ||
| 100 | _aVarghese S | ||
| 245 | 0 | _aQuality upgradation of ungraded sheet rubber using a mechanical cleaning device | |
| 260 |
_bPLACROSYM XVIII. 10-13 December 2008, National Research Centre for Cashew, Puttur, Karnataka. Journal of Plantation Crops, 36 (3):500-502. _c2008 |
||
| 650 | _aMechanical cleaning | ||
| 650 | _aQuality upgradation | ||
| 650 | _aSheet rubber | ||
| 700 | _aKuriakose B | ||
| 700 | _aMathew N M | ||
| 942 | _cBS | ||
| 999 |
_c51485 _d51485 |
||